Navrátilka /

Román italské autorky, která je na domácí scéně nositelkou několika ocenění, vypráví příběh třináctileté dívky, která se musí přizpůsobit novému životu.

Hlavní autor: Di Pietrantonio, Donatella, 1963-
Další autoři: Feltlová, Marina, 1971-
Jazyk: Čeština
Vydáno: Praha : Argo, 2018
Vydání: Vydání první
Témata:
Fyzický popis: 193 stran ; 21 cm
Knihy
Uloženo v:
LEADER 02189cam a2200421 i 4500
001 nkc20183049120
003 CZ PrNK
005 20190325091114.0
007 ta
008 181015s2018 xr g 000 f cze d
015 |a cnb003049120 
020 |a 978-80-257-2588-7  |q (vázáno) 
035 |a (OCoLC)1096289634 
040 |a ABG001  |b cze  |d ULG001  |d OLA001  |d ABA001  |e rda 
041 1 |a cze  |h ita 
072 7 |a 821.131.1-3  |x Italská próza  |2 Konspekt  |9 25 
080 |a 821.131.1-31  |2 MRF 
080 |a (0:82-31)  |2 MRF 
100 1 |a Di Pietrantonio, Donatella,  |d 1963-  |7 xx0221146  |4 aut 
240 1 0 |a Arminuta.  |l Česky 
245 1 0 |a Navrátilka /  |c Donatella Di Pietrantonio ; přeložila Marina Feltlová 
250 |a Vydání první 
264 1 |a Praha :  |b Argo,  |c 2018 
300 |a 193 stran ;  |c 21 cm 
336 |a text  |b txt  |2 rdacontent 
337 |a bez média  |b n  |2 rdamedia 
338 |a svazek  |b nc  |2 rdacarrier 
500 |a Přeloženo z italštiny 
520 2 |a Román italské autorky, která je na domácí scéně nositelkou několika ocenění, vypráví příběh třináctileté dívky, která se musí přizpůsobit novému životu.  |b Bezejmenná hrdinka je svými dosavadními rodiči bez vysvětlení vrácena do rodiny biologické matky. Zoufale přijímá drsné podmínky v chudé rodině s mnoha sourozenci, sporadicky zaměstnaným otcem a rezignovanou matkou, která je schopna projevit emoce teprve tehdy, když umírá jeden ze synů. Jediným člověkem, který je schopen citu, je předčasně dospělá malá Adriana, která bere nového člena rodiny pod svá ochranná křídla. V románu autorka demytizuje mateřství jako něco posvátného a ukazuje tvrdou realitu chudoby, kde na city není prostor. Ten, komu samotnému nebylo dáváno, nemůže umět dávat. 
655 7 |a italské romány  |7 fd132481  |2 czenas 
655 9 |a Italian fiction  |2 eczenas 
700 1 |a Feltlová, Marina,  |d 1971-  |7 js20060602005  |4 trl 
910 2 |a BOA001  |b 2-1418.786 
920 |a KN3148000001378814  |z ULG001 
990 |a BK 
995 |a 01 
991 |b 201812  |c NOV 
996 6 |b 2610763735  |c 2-1418.786  |l MZK  |r Sklad / do 1 hodiny  |n 0  |p p.v.  |w 001697616  |u 000010  |a 1  |e BOA001  |j MZK50  |s P